000
00305nam a2200133Ia 4500
008
191201s2010 xx 000 0 und d
082
_a
658.15
_b
DAM
100
_a
DAMODARAN, Suma
245
0
_a
Managerial Economics
260
_a
N.Delhi
_b
Oxford
_c
2010
300
_a
591
650
_a
MBA
942
_2
ddc
_c
BK
999
_c
2977
_d
2977